000 00548nam a22001817a 4500
005 20251108164159.0
008 250721s1977 xx 000 0 ara d
082 1 4 _a301.32/لاف
100 1 _aلافون، روبرت
245 1 0 _aالإنفجار السكاني /
264 1 _aجنيف :
_bشركة ترادكسيم للنشر،
_c1977.
300 _a144ص : مص
490 0 _aسلسلة قضايا الساعة ؛ 2
650 1 7 _aالسكان
700 1 _aالأصفهاني، نبيه
_eترجمة
942 _2ddc
_cBK
999 _c5660
_d5660